| 000 | 00524nam a2200217Ia 4500 | ||
|---|---|---|---|
| 003 | OSt | ||
| 005 | 20221005074301.0 | ||
| 006 | a|||||r|||| 00| 0 | ||
| 007 | ta | ||
| 008 | 221004b |||||||| |||| 00| 0 eng d | ||
| 024 | _a63145 | ||
| 037 | _cTextual | ||
| 040 |
_aCRL _cCRL _beng |
||
| 041 |
_2eng _aeng |
||
| 082 | _aV23145.N7, M4;M6 | ||
| 245 | 0 | _aGoa | |
| 260 |
_aNew Delhi _bLustre Press _c1986 |
||
| 650 | _aHISTORY | ||
| 942 |
_hV23145.N7, M4;M6 _cTEXL _2cc |
||
| 999 |
_c982466 _d982466 |
||